000 01175cam a2200385 i 4500
001 0000512
003 DO-SdBNP
005 20171214092604.0
007 0000512
008 100514s 2004 mx | |||| 000 f spa
015 _a
017 _a
_b
020 _a9789681914745
035 _a
040 _aBPMSU
_bspa
_cBPMSU
_e
080 _a
082 _a869.342
_bS243e
100 1 _aSaramago, José,
_d1922-2010.
240 1 0 _aEnsaio sobre a lucidez /
_l Español
245 1 0 _aEnsayo sobre la lucidez /
_cJosé Saramago ; traducción Pilar del Río
_h
250 _a
260 _aMéxico :
_bAlfaguara,
_c2004.
300 _a423 p. ;
_c22 cm.
490 1 _aBiblioteca José Saramago
500 _a Incluye datos de biográficos del autor en la solapa de la cubierta
500 _a La biblioteca posee el las reimpresiones del 2007, 2009
586 _aPremio Novel de Literatura
650 4 _aNOVELA PORTUGUESA
650 4 _aLITERATURA PORTUGUESA
700 1 2 _aRío, Pilar del,
_etr.
830 0 _aBiblioteca José Saramago
942 _2ddc
_cBK
945 _aInventariado extranjero / 2017 VM
956 _aVMATEO
_b10
_d20160927
_fBPMSU
_h0069
999 _c11495
_d11495